Loading...
| History - American | 0 | 5 | 0 | 0 | 50 | 45 | 67.40 | 1 | 2 | 23.15 | 37.28 |
| Religion | 0 | 3 | 0 | 1 | 30 | 94 | 97.33 | 0 | 1 | 4.76 | 13.22 |
| History - Other | 0 | 3 | 0 | 0 | 30 | 72 | 85.67 | 0 | 1 | 10.44 | 21.67 |
| Social Science | 0 | 2 | 0 | 0 | 20 | 64 | 74.50 | 0 | 1 | 6.94 | 15.56 |
| History - European | 0 | 2 | 0 | 0 | 20 | 76 | 96.50 | 0 | 1 | 3.33 | 10.00 |
| Literature - American | 0 | 2 | 0 | 1 | 20 | 94 | 100.50 | 0 | 1 | 5.39 | 11.00 |
| Popular Culture | 0 | 2 | 0 | 2 | 20 | 138 | 140.00 | 0 | 0 | 0.23 | 19.44 |
| Current Events | 0 | 1 | 0 | 0 | 10 | 83 | 83.00 | 0 | 0 | 10.28 | 16.67 |
| Fine Arts - Painting and Sculpture | 0 | 1 | 0 | 0 | 10 | 90 | 90.00 | 0 | 1 | 2.97 | 6.67 |
| Science - Biology | 0 | 1 | 0 | 0 | 10 | 95 | 95.00 | 0 | 0 | 1.36 | 4.00 |
| History - World | 0 | 1 | 1 | 0 | 5 | 81 | 81.00 | 0 | 0 | 3.08 | 6.00 |
| Science - Other | 0 | 1 | 2 | 1 | 0 | 112 | 112.00 | 0 | 0 | 0.00 | 0.83 |
| Philosophy | 0 | 0 | 2 | 0 | -10 | 0.00 | 0 | 0 | 0.00 | 0.00 |